Static : race and representation in post-apartheid music, media and film (Record no. 240855)
[ view plain ]
| 000 -LEADER | |
|---|---|
| fixed length control field | 00317nam a2200097Ia 4500 |
| 082 ## - DEWEY DECIMAL CLASSIFICATION NUMBER | |
| Classification number | 780.89 HAUP |
| 008 - FIXED-LENGTH DATA ELEMENTS--GENERAL INFORMATION | |
| fixed length control field | 210817s9999 xx 000 0 und d |
| 100 ## - MAIN ENTRY--PERSONAL NAME | |
| Personal name | Haupt, Adam Cape Town, South Africa, 2012 |
| 9 (RLIN) | 73512 |
| 245 #0 - TITLE STATEMENT | |
| Title | Static : race and representation in post-apartheid music, media and film |
| 942 ## - ADDED ENTRY ELEMENTS | |
| item type | Books |
| Withdrawn status | Lost status | Damaged status | Not for loan | Home library | Current library | Date acquired | Cost, normal purchase price | Total Checkouts | Barcode | Date last seen | Price effective from | item type |
|---|---|---|---|---|---|---|---|---|---|---|---|---|
| eMalahleni Main PL (MMID-PLEM) | eMalahleni Main PL (MMID-PLEM) | 18.08.2021 | 300.00 | 33228019927829 | 18.08.2021 | 18.08.2021 | Books |